000 00473nam a2200145Ia 4500
008 100415s9999 xx 000 0 und d
082 _b20293
_a719.36(5475)
100 _aSINGH H.S.
245 _aNatural Heritage of Gujarat: FOR REFERENCE ONLY
260 _aGANDHINAGAR
_c2001
_bGEER - GUJARAT ECOLOGICAL EDUC
365 _b1000
630 _aNatural Heritage of Gujarat: FOR REFERENCE ONLY
730 _aNatural Heritage of Gujarat: FOR REFERENCE ONLY
942 _cBOOK
999 _c603190
_d603187